00597 2200193 4500001002100000005001500021007000300036008003900039022001300078035002000091082001800111084002400129100002000153245011700173260004100290300004200331650001100373650001900384INLIS00000000000107120241024085001ta241024 | | |  a20762615 a0010-1024000041 a636.089-636.2 a636.089-636.2 KRI h0 aKristina Dineva1 aHealth Status Classification for Cows Using Machine Learning and Data Management on AWS Cloud /cKristina Dineva aSwitzerland, Basel :bMDPI AG,c2023 a1-29 hlm, :bilus, ;c21 cm X 29,5 cm 4aJurnal 4aKesehatan Sapi